Česká republika má od letoška plán, jak zachytávat, využívat a ukládat uhlík

Sprísňujúce sa ciele klimatickej politiky vedú k rozvíjaniu moderných technológií, ktoré môžu vyriešiť i ťažko odstrániteľné emisie z niektorých priemyselných sektorov, dopravy či poľnohospodárstva. Technológia CCUS (Carbon Capture, Utilization and Storage) počíta s priemyselným zachytením oxidu uhl...

Ausführliche Beschreibung

Gespeichert in:
Bibliographische Detailangaben
1. Verfasser: Hejralová, Eva
Format: Buchkapitel
Sprache:Tschechisch
Schlagworte:
Tags: Tag hinzufügen
Keine Tags, Fügen Sie das erste Tag hinzu!

MARC

LEADER 00000naa a2200000 4500
001 0313082
005 20251106105636.0
041 0 |a cze 
044 |a CZ 
245 1 0 |a Česká republika má od letoška plán, jak zachytávat, využívat a ukládat uhlík  |c Eva Hejralová 
520 |a Sprísňujúce sa ciele klimatickej politiky vedú k rozvíjaniu moderných technológií, ktoré môžu vyriešiť i ťažko odstrániteľné emisie z niektorých priemyselných sektorov, dopravy či poľnohospodárstva. Technológia CCUS (Carbon Capture, Utilization and Storage) počíta s priemyselným zachytením oxidu uhličitého a jeho využitím alebo trvalým uložením v produktoch či v geologických formáciách. Rad európskych štátov vrátane Nemecka a Rakúska v posledných rokoch zverejnil svoje stratégie priemyselného hospodárenia s uhlíkom. Od tohto roku k nim patrí taktiež Česká republika. 
610 2 0 |a technológie nové 
610 2 0 |a emisie 
610 2 0 |a sektory hospodárske 
610 2 0 |a ochrana prostredia životného 
610 2 0 |a Česko 
100 1 |a Hejralová, Eva